000 00793pam a2200253 a 4500
001 2528
005 20250218090936.0
020 _a0590208322 :
_c$13.95
020 _a9780590208338
040 _aDLC
_cDLC
_dDLC
_beng
050 0 0 _aPZ7.Y44
_bHi 1995
082 0 0 _a813
_220
100 1 _aYep, Laurence
_d1948-
245 1 0 _aHiroshima /
_ca novella by Laurence Yep
260 _aNew York :
_bScholastic,
_c1995
300 _a56 pages :
_c20 cm
505 _aR
520 _aDescribes the dropping of the atomic bomb on Hiroshima, Japan, particularly as it affects Sachi, who becomes one of the Hiroshima Maidens.
521 _a760
_bLexile
521 _aR
_bRaz-Plus
650 1 _aAtomic bomb
_xHistory
_xFiction.
906 _a7
_brip
_corignew
_d1
_eocip
_f19
_gy-gencatlg
942 _2ddc
_cBK
_n0
999 _c2528
_d2528